000 01213cam a2200385 4500
001 4977
003 DO-SdBNP
005 20240902100705.0
007 4977
008 090320s2010 mx a | 000 0 spa
015 _a
017 _a
_b
020 _a9786706801129
035 _a
040 _aBPMSU
_bspa
_cBPMSU
_e
080 _a
082 4 _a155.2
_bV297e 2010
_222
100 1 _aVargas, Andrea
245 1 3 _aEl eneagrama :
_b¿Quién soy? /
_cAndrea Vargas ; prólogo Gaby Vargas.
_h
246 1 4 _aEl eneagrama :
_b¿Quén soy? descubre tu personalidad y los secretos para relacionarte exitosamente con los demás /
260 _aMadrid :
_bSantillana Ediciones Generales,
_c2010.
300 _a190 p. :
_bil. ;
_c24 cm.
490 0 _a El libro que transformará tu vida
504 _aBibliografía : 313-315 p.
534 _pTítulo original :
_tThe enneagram made easy
590 _aInventariado, 2024/VM
650 4 _aPersonalidad.
_2
650 4 _aTipos psicológicos
650 4 _aCarácter
650 4 _aRelaciones humanas
650 4 _aPsicología diferencial.
700 1 _aVargas, Gaby,
_eprólogo
910 _aVMateo V. Control de calidad. BPMSU
942 _2ddc
_cBK
999 _c11346
_d11346